000 01004nam a2200301 a 4500
001 31967
003 BD-RjUL
005 20211209051755.0
008 141112s2010 enkab b 001 0 eng
020 _a9780199545728 (pbk.)
020 _a0199545723 (pbk.)
035 _a(OCoLC)ocn444383414
_a(BD-RjUL) 32056
040 _aUKM
_cUKM
_dBWK
_dITJCU
_dC#P
_dBTCTA
_dYDXCP
_dBWX
_dDLC
_dBD-RjUL
_beng
041 _aeng
082 0 4 _a297.09
_222
_bSII 2010
100 1 _aSilverstein, Adam J.
_9113890
245 1 0 _aIslamic history :
_ba very short introduction /
_cAdam J. Silverstein.
260 _aOxford ;
_aNew York :
_bOxford University Press,
_c2010.
300 _axviii, 157 p. :
_bill., maps ;
_c18 cm.
490 1 _aVery short introductions ;
_v220
504 _aIncludes bibliographical references and index.
650 0 _aIslam
_xHistory.
_9113891
830 0 _v220.
_9113893
830 0 _aVery short introductions ;
_9113889
942 _2ddc
_cBK
999 _c31967
_d31967